000 01264pab a2200193 454500
008 180718b2014 xxu||||| |||| 00| 0 eng d
100 _aThomson, Stanley Bruce
245 _aHybrid governance in India: a research review and agenda
260 _c2014
300 _ap.313-321.
362 _aDec
520 _aIndia is the world's largest democracy and one of the fastest growing economies in the world, yet is it fraught with social inequalities, high levels of poverty, and an ineffective distribution of financial and natural resources. Governments in India at the federal, state and municipal levels have been struggling with these issues since Independence. Recently, in terms of the governance arrangements involved, they have moved towards forms of hybrid governance. A review of selected forms indicates mixed findings on the benefits they offer to the public. More detailed research needs to be undertaken at all levels of government to gain deeper insights into how forms of hybrid governance can assist in solving some of India's societal ills. - Reproduced.
650 _aPublic administration
700 _aKong, Eric
700 _aSharma, Deepak
773 _aAsia Pacific Journal of Public Administration
908 _aN
909 _a107028
999 _c107023
_d107023